000 00847na a2200229 4500
001 21887
003 MIRAKIL
005 20181213154919.0
008 170208b tu 000 0
040 _aMilas
_btur
_cTR-AnCHP
041 _atur
082 _a351.7223
_bİ45 2006
090 _a351.7223 İ45 2006
245 _a2006 yılı merkezi yönetim kesin hesap kanunu tasarısı
260 _aAnkara
_b[yayl. y.]
_c2007
300 _a2 c. ; 488 s.
_btbl.
_c16 sm.
500 _aPlan ve Bütçe Komisyonunca kabul edilen metne ekli cetveller ( Gider ve Gelir cetvelleri)
505 _aGenel bütçeli idareler, özel bütçeli idareler, Düzenleyici ve denetleyici kurumlar
650 _aGenel Bütçeli İdareler
_xBütçe Kanun Tasarısı
_y2006
650 _aÖzel bütçeli idareler
_xBütçe Kanun Tasarısı
_y2006
942 _2ddc
_cBKS
999 _c3072
_d3072